| 000 | 00802nam a22002177a 4500 | ||
|---|---|---|---|
| 999 |
_c13259 _d13259 |
||
| 003 | AR-CdUCM | ||
| 008 | 190411b ||||| |||| 00| 0 spa d | ||
| 040 |
_aMUNICIPALIDAD PROVINCIAL DEL CUSCO _cBIBLIOTECA MUNICIPAL DEL CUSCO |
||
| 082 |
_aC / 980.53 / _bAG32 / 1922 |
||
| 100 |
_aAguilar, Luis F. _931577 |
||
| 245 | _aCuestiones indígenas / | ||
| 260 |
_aCuzco : _bEl comercio, _c1922. |
||
| 300 |
_a184 páginas ; _c20 cm. |
||
| 500 | _aEjemplar N°3 con 69 páginas. | ||
| 505 | _aContenido: El problema indígena -- La criminalidad indígena -- Los falsos redentores de la raza -- Cuestiones indígenas. | ||
| 650 |
_aIndígenas del Perú _95715 |
||
| 650 |
_aCondiciones económicas _91989 |
||
| 650 |
_aVida y costumbres sociales _9857 |
||
| 942 |
_2ddc _cLIBROS |
||
| 945 |
_aacv _d2019-04-11 |
||